• AIU
  • Tony Wilmot Memorial Library

Quatations from Chairman Mao Tse - Tung (Record no. 43847)

MARC details
000 -LEADER
fixed length control field 00421nam a22001451a 4500
020 ## - INTERNATIONAL STANDARD BOOK NUMBER
Terms of availability 0.00
040 ## - CATALOGING SOURCE
Original cataloging agency NEGST Library - Kenya
050 ## - LIBRARY OF CONGRESS CALL NUMBER
Classification number DS 778.M3A515 1966
245 ## - TITLE STATEMENT
Title Quatations from Chairman Mao Tse - Tung
Medium [Text]
260 ## - PUBLICATION, DISTRIBUTION, ETC. (IMPRINT)
Place of publication, distribution, etc New York
Name of publisher, distributor, etc Bantam Books
Date of publication, distribution, etc 1966
300 ## - PHYSICAL DESCRIPTION
Extent 311 p.;
600 ## - SUBJECT ADDED ENTRY--PERSONAL NAME
Personal name Communism - China
852 ## - LOCATION/CALL NUMBER
-- 19.00
Holdings
Withdrawn status Lost status Source of classification or shelving scheme Damaged status Not for loan Collection code Home library Current library Shelving location Date acquired Source of acquisition Cost, normal purchase price Total Checkouts Full call number Barcode Date last seen Copy number Price effective from Koha item type
    Library of Congress Classification     Special Collection AIU/NEGST - Tony Wilmot Memorial Library AIU/NEGST - Tony Wilmot Memorial Library Special Collection 02/19/2010 Donation- SIL 19.00   S DS 778.M3A515 1966 R36888J3232 09/26/2019 1 02/19/2010 Special Collection